Los cinco tras el pasadizo secreto / (Registro nro. 9596)

Detalles MARC
000 -LIDER
fixed length control field 00897nam a22003017a 4500
001 - NÚMERO DE CONTROL
Identificador de número de control 00746
003 - IDENTIFICACDOR DE NÚMERO DE CONTROL
control field DO-SdBNP
005 - DATE AND TIME OF LATEST TRANSACTION
control field 20180117113608.0
007 - CAMPOS FIJOS DE DESCRIPCIÓN FÍSICA
fixed length control field 00746
008 - ELEMENTOS DE LONGITUD FIJA
fixed length control field 151015b 2000 sp ||||| |||| 00| 0 spa d
020 ## - ISBN
International Standard Book Number 842610911X
040 ## - FUENTE DE CATALOGACIÓN
Agencia que crea de manera original el registro BPMSU
Idioma de catalogación spa
Agencia que realiza la transcripción BPMSU
092 ## - LOCALLY ASSIGNED DEWEY DECIMAL CALL NUMBER
Número de clasificación xxxxxxx
Número de ítem (Cutter) xxxxxxx
100 14 - ASIENTO PRINCIPAL -- NOMBRE PERSONAL
Nombre personal Blyton, Enid,
Fechas asociadas con el nombre 1896-1968
240 ## - TITULO UNIFORME
Título uniforme Five on a secret trail /
245 ## - MENCIÓN DE TITULO
Título Los cinco tras el pasadizo secreto /
Mención de responsabilidad Enid Blyton ; traducción Antonio de Quadras ; ilustraciones de Enrique Ventura.
250 ## - MENCIÓN DE EDICION
Mención de edición 16a ed.
260 ## - PUBLICACIÓN, DISTRIBUCIÓN, ETC. (PIE DE IMPRENTA)
Lugar de publicación, distribución, etc Barcelona :
Nombre del editor, distribuidor, etc. Juventud,
Fecha de publicación, distribución, etc 2000
300 ## - DESCRIPCIÓN FÍSICA
Extensión 157 p.:
Otros detalles físicos il.,
Dimensiones 20 cm.
440 ## - MENCIÓN DE SERIE/ENTRADA SECUNDARIA--TÍTULO
Número de volumen/designación secuencial
490 ## - MENCIÓN DE SERIES
Mención de serie Los cinco
Volume/sequential designation 15
700 10 - ASIENTO SECUNDARIO -- NOMBRE PERSONAL
Nombre personal Ventura, Enrique,
Mención de responsabilidad il.
700 10 - ASIENTO SECUNDARIO -- NOMBRE PERSONAL
Nombre personal Quadras, Antonio de,
Mención de responsabilidad tr.
830 ## - ASIENTO SECUNDARIO DE SERIE--TÍTULO UNIFORME
Título uniforme Los cinco
Volume number/sequential designation 15
942 ## - ADDED ENTRY ELEMENTS (KOHA)
Source of classification or shelving scheme Dewey Decimal Classification
Koha item type Libros
945 ## - INFORMACIÓN DE PROCESAMIENTO LOCAL
Información de procesamiento local Inventariado, 2018 / YL
956 ## - LOCAL ELECTRONIC LOCATION AND ACCESS (OCLC)
Nombre de host YLOCKWARD
Número de acceso 10
Información de compresión BPMSU
Trayectoria 20161019
Existencias
Withdrawn status Lost status Source of classification or shelving scheme Damaged status Not for loan Collection code Home library Current library Date acquired Source of acquisition Total Checkouts Barcode Date last seen Koha item type
    Dewey Decimal Classification     Colección Juvenil General Biblioteca Pública Metropolitana Salomé Ureña Biblioteca Pública Metropolitana Salomé Ureña 10/19/2016 Sin sellar   BPMSU16040171 04/06/2016 Libros